| 000 | 00398nam a2200133Ia 4500 | ||
|---|---|---|---|
| 008 | 230413s9999||||xx |||||||||||||| ||und|| | ||
| 020 | _a8178293056 | ||
| 082 |
_a658.1552 _bM9539 |
||
| 100 | _aMukhopadhyaya, Anil Kumar | ||
| 245 | 0 | _aValue engineering mastermind: from concept to value engineering certification | |
| 260 |
_aNew Delhi _bResponse Books _c2003 |
||
| 300 | _axix, 188 p. | ||
| 942 | _cBK | ||
| 999 |
_c26354 _d26354 |
||